000 00583nam a2200205Ia 4500
005 20250508165747.0
008 008 250505s9999 xx 000 0 eng d
020 _a978-1-4462-4086-1
037 _aTextual
040 _aFEDL
_beng
_cFEDL
041 _aeng
_2eng
084 _a370, RRC
_qFEDL
245 0 _aVoices unheard: Teacher research and reflections
245 0 _cRegional Resource Centre for Elementary Education
260 _c2016
300 _a282p.
546 _aGifted by Prof. Poonam Batra
942 _cTEXL
_h370, RRC
999 _c1397316
_d1397316